| 000 | 02339cam a2200433 a 4500 | ||
|---|---|---|---|
| 001 | 15422772 | ||
| 003 | OSt | ||
| 005 | 20180117090008.0 | ||
| 008 | 080822s2009 nyu b 001 0 eng | ||
| 010 | _a 2008037416 | ||
| 020 | _a9780231700665 (cloth : alk. paper) | ||
| 020 | _a0231700660 (cloth : alk. paper) | ||
| 035 | _a(OCoLC)ocn226360222 | ||
| 040 |
_aDLC _cDLC _dBTCTA _dBAKER _dYDXCP _dC#P _dBWX _dQMC _dCDX _dDLC |
||
| 043 |
_aa-pk--- _aa-bg--- |
||
| 050 | 0 | 0 |
_aDS384 _b.M38 2009 |
| 082 | 0 | 0 |
_a954.9105 _222 |
| 100 | 1 | _aMilam, William B. | |
| 245 | 1 | 0 |
_aBangladesh and Pakistan : _bflirting with failure in South Asia / _cWilliam B. Milam. |
| 260 |
_aNew York : _bColumbia University Press, _cc2009. |
||
| 300 |
_axii, 276 p. ; _c23 cm. |
||
| 490 | 1 |
_aADST-DACOR diplomats and diplomacy series ; _v34th v. |
|
| 500 | _a"An ADST-DACOR diplomats and diplomacy book." | ||
| 504 | _aIncludes bibliographical references (p. 261-269) and index. | ||
| 505 | 0 | _aIntroduction: The turning points -- The legacy of two bloody partitions -- Flawed leaders and failed democracies -- From military to civilian rule in Bangladesh -- From military to semi-military rule in Pakistan -- The Ershad military intervention -- Electoral democracy is not enough -- Electoral democracy revisits Pakistan, 1988-99 -- Pakistan's self-fulling prophecy: The military back in power -- Economic and social development and the NGOs -- Still on the brink after thirty-seven years -- Epilogue. | |
| 650 | 0 |
_aIslam and politics _zPakistan. |
|
| 650 | 0 |
_aIslam and politics _zBangladesh. |
|
| 651 | 0 |
_aPakistan _xPolitics and government. |
|
| 651 | 0 |
_aBangladesh _xPolitics and government. |
|
| 651 | 0 |
_aPakistan _xCivilization. |
|
| 651 | 0 |
_aBangladesh _xCivilization. |
|
| 830 | 0 |
_aADST-DACOR diplomats and diplomacy series ; _vv. 34. |
|
| 856 | 4 | 1 |
_3Table of contents only _uhttp://www.loc.gov/catdir/toc/ecip0826/2008037416.html |
| 856 | 4 | 2 |
_3Book review (H-Net) _uhttp://www.h-net.org/reviews/showrev.php?id=33437 |
| 906 |
_a7 _bcbc _corignew _d1 _eecip _f20 _gy-gencatlg |
||
| 942 |
_2ddc _cBK |
||
| 999 |
_c3548 _d3548 |
||